[Event "Titled Tue 26th Aug Late"]
[Site "chess.com INT"]
[Date "2025.08.26"]
[Round "7"]
[White "Zakarian, David"]
[Black "Hovhannisyan, Hrayr"]
[Result "1-0"]
[WhiteTitle "FM"]
[BlackTitle "CM"]
[WhiteElo "2301"]
[BlackElo "2203"]
[WhiteFideId "13301276"]
[BlackFideId "13308017"]
[EventDate "2025.08.26"]

1. e4 c6 2. Ne2 d5 3. e5 Bg4 4. h3 Bxe2 5. Bxe2 e6 6. O-O c5 7. c4 Nc6 8. cxd5
Qxd5 9. f4 Nge7 10. Nc3 Qd4+ 11. Kh2 a6 12. d3 g5 13. Ne4 Nd5 14. Bd2 gxf4 15.
Bc3 Nxc3 16. Nf6+ Ke7 17. bxc3 Qxe5 18. Ng4 Qd6 19. Bf3 h5 20. Nf2 Bg7 21. Rb1
b6 22. Rxb6 Rac8 23. Qa4 Bxc3 24. Ne4 Qd4 25. Nxc3 Qxa4 26. Nxa4 Nb4 27. Nxc5
Rxc5 28. Rxb4 e5 29. d4 Rc3 30. dxe5 Rg8 31. Rxf4 Rc2 32. Bd5 1-0

[Event "Titled Tue 26th Aug Late"]
[Site "chess.com INT"]
[Date "2025.08.26"]
[Round "7"]
[White "Mikhalsky, Vladimir"]
[Black "Fuentes, Agustin"]
[Result "1-0"]
[WhiteElo "2219"]
[BlackElo "1924"]
[WhiteFideId "14144352"]
[BlackFideId "140040"]
[EventDate "2025.08.26"]

1. d4 Nf6 2. Nc3 d5 3. Bf4 c5 4. e3 cxd4 5. exd4 a6 6. Qd2 Nc6 7. O-O-O e6 8. f3
Qa5 9. g4 b5 10. Kb1 b4 11. Nce2 h6 12. Nc1 Qb6 13. h4 a5 14. Nge2 Be7 15. Ng3
a4 16. h5 Na5 17. g5 hxg5 18. Bxg5 Nc4 19. Bxc4 dxc4 20. h6 gxh6 21. Bxf6 Bxf6
22. Rxh6 Rxh6 23. Qxh6 Bxd4 24. Nce2 Be3 25. Qh8+ Ke7 26. Ne4 Bb7 27. Qf6+ Ke8
28. Nd6+ Kd7 29. Nxc4+ Kc6 1-0

[Event "Titled Tue 26th Aug Late"]
[Site "chess.com INT"]
[Date "2025.08.26"]
[Round "7"]
[White "Tarhan, Adar"]
[Black "Adharsh K"]
[Result "0-1"]
[WhiteTitle "IM"]
[BlackTitle "FM"]
[WhiteElo "2474"]
[BlackElo "2346"]
[WhiteFideId "34544712"]
[BlackFideId "25718207"]
[EventDate "2025.08.26"]

1. e4 c5 2. Nf3 d6 3. d4 cxd4 4. Nxd4 Nf6 5. Nc3 a6 6. h3 e5 7. Nde2 h5 8. Bg5
Be7 9. Bxf6 Bxf6 10. Nd5 Nc6 11. Nec3 Bg5 12. Bc4 Be6 13. Bb3 g6 14. Qd3 O-O 15.
g3 Kg7 16. h4 Bh6 17. f4 f5 18. O-O-O fxe4 19. Nxe4 exf4 20. gxf4 Bxd5 21. Bxd5
Rxf4 22. Kb1 Ne5 23. Qb3 Rb8 24. Rhg1 Qxh4 25. Nxd6 Qe7 26. Bxb7 Rf6 27. Qb6 Kh7
28. Qxa6 Bf8 29. Qa7 Qc7 30. Ne4 Rb6 31. Ng5+ Kh8 32. Rdf1 R6xb7 33. Qd4 Rxb2+
34. Ka1 Rxa2+ 35. Kxa2 Qxc2+ 36. Ka1 Ra8+ 0-1

[Event "Titled Tue 26th Aug Late"]
[Site "chess.com INT"]
[Date "2025.08.26"]
[Round "7"]
[White "Jin, Ashton"]
[Black "Gabrielian, Artur"]
[Result "0-1"]
[BlackTitle "GM"]
[WhiteElo "2196"]
[BlackElo "2407"]
[WhiteFideId "30931908"]
[BlackFideId "4131002"]
[EventDate "2025.08.26"]

1. d4 Nf6 2. Nf3 e6 3. Bf4 d5 4. e3 Bd6 5. Ne5 O-O 6. Nd2 Nfd7 7. c3 f6 8. Nxd7
Qxd7 9. Nf3 Qe7 10. h4 Nd7 11. h5 c6 12. Bd3 e5 13. dxe5 fxe5 14. Bg5 Qf7 15. e4
Nc5 16. Qe2 Bg4 17. Bc2 h6 18. Be3 Nxe4 19. Nxe5 Bxe5 20. Qxg4 Nxf2 21. Bxf2
Qxf2+ 22. Kd1 Bf4 23. Qe2 Qxe2+ 24. Kxe2 Rae8+ 25. Kd1 Bg3 26. Kc1 Rf2 0-1

[Event "Titled Tue 26th Aug Late"]
[Site "chess.com INT"]
[Date "2025.08.26"]
[Round "7"]
[White "Caprio, Guido"]
[Black "Ruperez Benito, Antonio"]
[Result "0-1"]
[WhiteTitle "IM"]
[BlackTitle "FM"]
[WhiteElo "2435"]
[BlackElo "2328"]
[WhiteFideId "834580"]
[BlackFideId "22245049"]
[EventDate "2025.08.26"]

1. e4 e6 2. d4 d5 3. Nc3 Bb4 4. e5 c5 5. a3 Bxc3+ 6. bxc3 Qa5 7. Bd2 Qa4 8. Qb1
c4 9. h4 Ne7 10. h5 h6 11. g4 Nbc6 12. Be3 Bd7 13. Kd2 b5 14. f4 Qa5 15. Nf3 Qb6
16. Bh3 a5 17. Ra2 Rb8 18. Rb2 Kd8 19. Nh4 Kc7 20. Rf1 Rhc8 21. Ke2 b4 22. axb4
axb4 23. Nf3 Qa6 24. Ra2 Qb5 25. cxb4 c3+ 26. Kf2 Nxb4 27. Ra7+ Kd8 28. Rc1 Nd3+
29. cxd3 Qxb1 0-1

[Event "Titled Tue 26th Aug Late"]
[Site "chess.com INT"]
[Date "2025.08.26"]
[Round "7"]
[White "Zhukovskyi, Oleksandr"]
[Black "Shton, Roman"]
[Result "0-1"]
[WhiteTitle "CM"]
[WhiteElo "2145"]
[BlackElo "2081"]
[WhiteFideId "14169371"]
[BlackFideId "14137461"]
[EventDate "2025.08.26"]

1. b3 e5 2. Bb2 Nc6 3. c4 g6 4. Nf3 Bg7 5. e3 d6 6. d4 e4 7. Nfd2 f5 8. Nc3 Nf6
9. Be2 O-O 10. h4 Qe7 11. h5 f4 12. Qb1 fxe3 13. fxe3 Bf5 14. hxg6 hxg6 15. a3
Nxd4 16. exd4 e3 17. Qc1 exd2+ 18. Qxd2 Ne4 19. Nxe4 Qxe4 20. O-O c6 21. Rae1
Rae8 22. Bc3 Qc2 23. Bf3 Qxd2 24. Bxd2 Bxd4+ 25. Kh2 Be5+ 26. Kg1 Bd3 27. Rf2
Bd4 0-1

[Event "Titled Tue 26th Aug Late"]
[Site "chess.com INT"]
[Date "2025.08.26"]
[Round "7"]
[White "Silva, Luca"]
[Black "Babiarz, Arkadiusz"]
[Result "1-0"]
[WhiteTitle "FM"]
[BlackTitle "CM"]
[WhiteElo "2214"]
[BlackElo "2172"]
[WhiteFideId "147370"]
[BlackFideId "21804362"]
[EventDate "2025.08.26"]

1. e4 e5 2. Nf3 Nc6 3. d4 exd4 4. Nxd4 Qf6 5. Ne2 Bc5 6. Be3 Bxe3 7. fxe3 Qxb2
8. Nbc3 Nf6 9. Rb1 Qa3 10. Qd2 O-O 11. Nd4 Re8 12. Bd3 d5 13. O-O dxe4 14. Bc4
Ne5 15. Bb3 Bd7 16. Rxf6 gxf6 17. Rf1 f5 18. Nd5 Qd6 19. Nxf5 Bxf5 20. Rxf5 Kh8
21. Qe2 c6 22. Nf6 Red8 23. c3 Ng6 24. Qh5 Nf8 25. Qxf7 1-0

[Event "Titled Tue 26th Aug Late"]
[Site "chess.com INT"]
[Date "2025.08.26"]
[Round "7"]
[White "Naroditsky, Daniel"]
[Black "Sindarov, Javokhir"]
[Result "1-0"]
[WhiteTitle "GM"]
[BlackTitle "GM"]
[WhiteElo "2619"]
[BlackElo "2722"]
[WhiteFideId "2026961"]
[BlackFideId "14205483"]
[EventDate "2025.08.26"]

1. e4 e5 2. Nf3 Nc6 3. Nc3 Nf6 4. Nd5 Bd6 5. Bc4 O-O 6. d3 Nxd5 7. Bxd5 Ne7 8.
Bb3 Ng6 9. h4 h6 10. h5 Nf4 11. Bxf4 exf4 12. d4 c6 13. Qd2 a5 14. e5 Bc7 15.
Qxf4 a4 16. Bc4 a3 17. b3 d5 18. Bd3 f6 19. Qg3 fxe5 20. dxe5 Bf5 21. Bxf5 Rxf5
22. O-O-O Qe7 23. Rhe1 Raf8 24. Qg6 Bxe5 25. Kb1 Qc5 26. Qe6+ Kh7 27. Nxe5 Qc3
28. Nd3 Rxf2 29. Rc1 Rd2 30. Re2 Rxd3 31. Qg6+ Kh8 32. cxd3 Qd4 33. Qg3 Kh7 34.
Qe3 Qf6 35. g4 1-0

[Event "Titled Tue 26th Aug Late"]
[Site "chess.com INT"]
[Date "2025.08.26"]
[Round "7"]
[White "Dessyn, Timothee"]
[Black "Li, Yilin"]
[Result "1-0"]
[WhiteTitle "FM"]
[BlackTitle "WFM"]
[WhiteElo "2334"]
[BlackElo "1921"]
[WhiteFideId "651028859"]
[BlackFideId "8610410"]
[EventDate "2025.08.26"]

1. e4 e5 2. Nc3 Nf6 3. f4 d6 4. Nf3 Nc6 5. Bc4 Bg4 6. fxe5 Nxe5 7. Be2 Nxf3+ 8.
Bxf3 Qd7 9. d4 O-O-O 10. O-O h5 11. Bg5 Be7 12. a4 Ng8 13. Be3 Nf6 14. a5 a6 15.
Bg5 Rdf8 16. b4 Bxf3 17. Qxf3 Ng4 18. Bxe7 Qxe7 19. Nd5 Qd7 20. Ra3 Kb8 21. b5
axb5 22. a6 bxa6 23. Rxa6 Kb7 24. Rfa1 Ra8 25. Qa3 Qc8 26. Qa5 Rf8 27. Qxb5# 1-0

[Event "Titled Tue 26th Aug Late"]
[Site "chess.com INT"]
[Date "2025.08.26"]
[Round "7"]
[White "Kao, Jamison Edrich"]
[Black "Tang, Zoey"]
[Result "0-1"]
[WhiteTitle "CM"]
[BlackTitle "FM"]
[WhiteElo "2081"]
[BlackElo "2381"]
[WhiteFideId "6007937"]
[BlackFideId "30952530"]
[EventDate "2025.08.26"]

1. e4 c5 2. Nf3 d6 3. d4 cxd4 4. Nxd4 Nf6 5. Nc3 Nc6 6. Bg5 Bd7 7. Qd2 Rc8 8.
O-O-O Nxd4 9. Qxd4 Qa5 10. f4 h6 11. Bxf6 gxf6 12. Kb1 Qc5 13. Qd2 h5 14. g3 f5
15. Bd3 Bg7 16. e5 O-O 17. Rhe1 Be6 18. Qe2 Qa5 19. Qd2 Rc6 20. a3 Rfc8 21. Nb5
Qb6 22. Qe3 Rc5 23. Nc3 Qa5 24. Be2 Rxc3 25. bxc3 Rxc3 26. Qd4 Qxa3 27. Rd3 0-1

[Event "Titled Tue 26th Aug Late"]
[Site "chess.com INT"]
[Date "2025.08.26"]
[Round "7"]
[White "Vasynda, Oleksandr"]
[Black "Taylor, Tristan"]
[Result "0-1"]
[WhiteTitle "FM"]
[WhiteElo "2209"]
[BlackElo "1973"]
[WhiteFideId "14176297"]
[BlackFideId "2635054"]
[EventDate "2025.08.26"]

1. d4 Nf6 2. Nf3 d5 3. Bf4 c5 4. e3 Nc6 5. c3 Qb6 6. Qc2 Nh5 7. Bg3 Nxg3 8. hxg3
g6 9. Nbd2 Bf5 10. dxc5 Qxc5 11. Qb3 O-O-O 12. Nd4 e5 13. Nxc6 Qxc6 14. Bb5 Qc7
15. Rc1 Kb8 16. O-O h5 17. Be2 Be6 18. Qa4 Bd6 19. e4 h4 20. g4 f5 21. exd5 Bxd5
22. c4 Bc6 23. Qb3 h3 24. gxh3 e4 25. c5 Bh2+ 26. Kg2 Rxd2 27. Rc2 Rd3 28. Qe6
Rg3+ 29. fxg3 Qxg3+ 30. Kh1 e3+ 31. Bf3 Bxf3+ 32. Rxf3 Qxf3+ 33. Rg2 Bc7 34. Qd7
Rxh3+ 35. Kg1 Rh8 36. gxf5 e2 37. Qd2 Qf1# 0-1

[Event "Titled Tue 26th Aug Late"]
[Site "chess.com INT"]
[Date "2025.08.26"]
[Round "7"]
[White "Banzea, Alexandru-Bogdan"]
[Black "Sakhayi, Mostafa"]
[Result "0-1"]
[WhiteTitle "IM"]
[BlackTitle "CM"]
[WhiteElo "2394"]
[BlackElo "2166"]
[WhiteFideId "1232622"]
[BlackFideId "12512532"]
[EventDate "2025.08.26"]

1. d4 Nf6 2. Nc3 e6 3. Bf4 d5 4. e3 c5 5. Nb5 Na6 6. c3 Be7 7. a4 O-O 8. Nf3 Nh5
9. Be5 f6 10. Bg3 Nxg3 11. hxg3 Nc7 12. Bd3 g6 13. Nd2 f5 14. Nxc7 Qxc7 15. f4
Bd7 16. Nf3 Bf6 17. Ne5 Bxe5 18. fxe5 Rab8 19. Qf3 b5 20. axb5 Bxb5 21. Bxb5
Rxb5 22. Qe2 Rfb8 23. Ra2 Qb6 24. O-O Rxb2 25. Qxb2 Qxb2 26. Rxb2 Rxb2 27. Ra1
Rc2 28. Rxa7 Rxc3 29. dxc5 Rxc5 30. Re7 Rc6 31. Kf2 h5 32. Kf3 Kf8 33. Rh7 Rc4 0-1

[Event "Titled Tue 26th Aug Late"]
[Site "chess.com INT"]
[Date "2025.08.26"]
[Round "7"]
[White "Atakhan, Abtin"]
[Black "Dotzer, Lukas"]
[Result "1-0"]
[WhiteTitle "IM"]
[BlackTitle "IM"]
[WhiteElo "2388"]
[BlackElo "2472"]
[WhiteFideId "22502203"]
[BlackFideId "1666975"]
[EventDate "2025.08.26"]

1. d4 d5 2. c4 e6 3. Nf3 Nf6 4. g3 Be7 5. Bg2 O-O 6. O-O dxc4 7. Qc2 a6 8. Qxc4
b5 9. Qc2 Bb7 10. Bd2 Be4 11. Qc1 Nbd7 12. Ba5 Nb6 13. Nbd2 Bb7 14. Re1 Rc8 15.
b4 Nfd5 16. a3 Na4 17. Ne5 Bf6 18. Nc6 Qd6 19. Na7 Ra8 20. Ne4 Qe7 21. Nxf6+
Qxf6 22. Nc6 Bxc6 23. Qxc6 Qxd4 24. Red1 Qc4 25. Bxd5 exd5 26. Qxd5 c6 27. Qxc4
bxc4 28. Rac1 c3 29. Rd6 Rac8 30. Rd4 Rfe8 31. e3 h5 32. h3 Kh7 33. Kf1 Kg6 34.
Ke2 f6 35. Kd3 Re7 36. Kc2 Kf7 37. Kb3 c5 38. Rc4 cxb4 39. Rxc8 Nb2 40. Bxb4 Nd3
41. Rc2 Rd7 42. R8xc3 Ne5 43. Rc7 Nf3 44. Rxd7+ 1-0

[Event "Titled Tue 26th Aug Late"]
[Site "chess.com INT"]
[Date "2025.08.26"]
[Round "7"]
[White "Bortnyk, Olexandr"]
[Black "Andreikin, Dmitry"]
[Result "0-1"]
[WhiteTitle "GM"]
[BlackTitle "GM"]
[WhiteElo "2601"]
[BlackElo "2695"]
[WhiteFideId "14120828"]
[BlackFideId "4158814"]
[EventDate "2025.08.26"]

1. e4 c5 2. c3 Nf6 3. e5 Nd5 4. d4 cxd4 5. Nf3 e6 6. cxd4 b6 7. Bc4 Bb7 8. Bxd5
Bxd5 9. Nc3 Bb4 10. O-O Bxc3 11. bxc3 O-O 12. Bg5 Qe8 13. Nh4 f5 14. Bc1 Nc6 15.
Ba3 Rf7 16. f4 Na5 17. Nf3 Nc4 18. Bc1 h6 19. a4 Qc8 20. Nd2 Ne3 21. Qe2 Nxf1
22. Nxf1 Qxc3 23. Bb2 Qb3 24. Rc1 Rff8 25. Rc3 Qxa4 26. Rg3 Rac8 27. Qh5 Rc2 28.
Bc3 Qa2 29. Qg6 Rf7 30. h4 Rc1 31. Bb4 Qe2 32. Kh2 Qxf1 33. Re3 Qxf4+ 0-1

[Event "Titled Tue 26th Aug Late"]
[Site "chess.com INT"]
[Date "2025.08.26"]
[Round "7"]
[White "Lisenkov, Svyatoslav"]
[Black "Amirkul, Alimzhan"]
[Result "1/2-1/2"]
[WhiteTitle "FM"]
[BlackTitle "FM"]
[WhiteElo "2343"]
[BlackElo "2242"]
[WhiteFideId "34264183"]
[BlackFideId "13718428"]
[EventDate "2025.08.26"]

1. e4 c5 2. Nf3 Nc6 3. Bb5 e5 4. Nc3 Bd6 5. Nd5 a6 6. Bc4 b5 7. Be2 Bb7 8. a4 b4
9. c3 Nge7 10. Ne3 O-O 11. Bc4 h6 12. d3 Bc7 13. g4 Na5 14. g5 h5 15. g6 Nxg6
16. Bd5 Bxd5 17. Nxd5 Nf4 18. Bxf4 exf4 19. h4 Nc6 20. Rg1 Ne7 21. Nxc7 Qxc7 22.
Ng5 g6 23. Qxh5 gxh5 24. Ne6+ Kh7 25. Nxc7 Rac8 26. Nd5 Nxd5 27. exd5 Rfe8+ 28.
Kd2 Re5 29. c4 Rce8 30. Raf1 Re2+ 31. Kc1 b3 32. Rg5 Rc2+ 33. Kb1 Ree2 34. Rfg1
Rxb2+ 35. Ka1 Ra2+ 36. Kb1 Reb2+ 37. Kc1 Rc2+ 38. Kb1 Rcb2+ 39. Kc1 Kh6 40. Rg8
Rc2+ 41. Kb1 Rab2+ 42. Ka1 Ra2+ 43. Kb1 Rcb2+ 44. Kc1 Rc2+ 45. Kb1 1/2-1/2

[Event "Titled Tue 26th Aug Late"]
[Site "chess.com INT"]
[Date "2025.08.26"]
[Round "7"]
[White "Bonin, Jay"]
[Black "Graif, William"]
[Result "1-0"]
[WhiteTitle "IM"]
[BlackTitle "FM"]
[WhiteElo "2077"]
[BlackElo "2227"]
[WhiteFideId "2000644"]
[BlackFideId "2609835"]
[EventDate "2025.08.26"]

1. d4 Nf6 2. c3 g6 3. Bg5 Bg7 4. Nd2 h6 5. Bxf6 Bxf6 6. e4 d6 7. Ngf3 e5 8. dxe5
dxe5 9. Bc4 O-O 10. O-O Qe7 11. b4 Bg7 12. Qb3 Kh7 13. Rfe1 Nc6 14. Rad1 Bd7 15.
Bd5 Nd8 16. a4 c6 17. Bc4 Ne6 18. Bf1 Nf4 19. Nc4 Bg4 20. Re3 Rad8 21. Rxd8 Rxd8
22. h3 Be6 23. Qc2 Bc8 24. Kh2 f6 25. g3 Ne6 26. h4 h5 27. Rd3 Bh6 28. Bh3 Kg7
29. Qd1 Rxd3 30. Qxd3 Kf8 31. Nd6 1-0

[Event "Titled Tue 26th Aug Late"]
[Site "chess.com INT"]
[Date "2025.08.26"]
[Round "7"]
[White "Harriott, Tyrell"]
[Black "Krzywda, Andrzej"]
[Result "1-0"]
[BlackTitle "CM"]
[WhiteElo "1933"]
[BlackElo "2149"]
[WhiteFideId "2086484"]
[BlackFideId "1114565"]
[EventDate "2025.08.26"]

1. d4 Nf6 2. e3 c5 3. Bd3 g6 4. c3 d6 5. f4 Bg7 6. Nf3 O-O 7. O-O b6 8. Nbd2 Bb7
9. f5 Nbd7 10. Qe1 e6 11. fxg6 hxg6 12. Ng5 Nh7 13. Nxh7 Kxh7 14. Qg3 Nf6 15.
Nf3 Nh5 16. Ng5+ Kg8 17. Qh4 Bf6 18. e4 cxd4 19. g4 Bxg5 20. Bxg5 f6 21. Bd2 Ng7
22. Qh6 Qe8 23. cxd4 Kf7 24. Rxf6+ Kxf6 25. Bg5+ Kf7 26. Qh7 Qd7 27. e5 Ke8 28.
Bxg6+ Rf7 29. Qg8# 1-0

[Event "Titled Tue 26th Aug Late"]
[Site "chess.com INT"]
[Date "2025.08.26"]
[Round "7"]
[White "Ferrara, Enzo"]
[Black "Gasparyan, David"]
[Result "0-1"]
[WhiteElo "2138"]
[BlackElo "2194"]
[WhiteFideId "137731"]
[BlackFideId "13311980"]
[EventDate "2025.08.26"]

1. d4 Nf6 2. c4 e6 3. Nc3 d5 4. Nf3 Be7 5. g3 O-O 6. Bg2 Nc6 7. O-O dxc4 8. e4
Rb8 9. a4 a6 10. a5 Bd7 11. Qe2 Bb4 12. Qxc4 Bxa5 13. d5 b5 14. Qe2 exd5 15.
exd5 Re8 16. Qd1 Ne5 17. Nxe5 Rxe5 18. Rxa5 Bg4 19. Qd4 Rh5 20. b4 Qd6 21. Bf4
Qd7 22. Rxa6 Bh3 23. Bf3 Bxf1 24. Bxh5 Qh3 25. Bf3 Ng4 26. Qd3 Bxd3 0-1

[Event "Titled Tue 26th Aug Late"]
[Site "chess.com INT"]
[Date "2025.08.26"]
[Round "7"]
[White "Gustafsson, Jan"]
[Black "Garcia Correa, Jose Ricardo"]
[Result "1-0"]
[WhiteTitle "GM"]
[BlackTitle "FM"]
[WhiteElo "2591"]
[BlackElo "2103"]
[WhiteFideId "4625498"]
[BlackFideId "5101832"]
[EventDate "2025.08.26"]

1. d4 Nf6 2. c4 e6 3. Nc3 d5 4. Bg5 c6 5. e3 Be7 6. Nf3 O-O 7. Qc2 h6 8. Bh4
dxc4 9. Bxc4 b5 10. Bd3 Bb7 11. O-O a6 12. Rfd1 Nbd7 13. Rac1 Rc8 14. a4 Qb6 15.
Ne5 Rfd8 16. Nxd7 Rxd7 17. Bxf6 Bxf6 18. Ne4 Be7 19. Nc5 Bxc5 20. Qxc5 Qxc5 21.
Rxc5 Rcd8 22. Be4 Rd6 23. Rdc1 Rc8 24. f4 Kf8 25. Kf2 Ke7 26. g4 Kd7 27. h4 g6
28. h5 f5 29. Bf3 gxh5 30. gxf5 exf5 31. Rxf5 bxa4 32. Rxh5 Kc7 33. Rc4 Re8 34.
Rxa4 Rde6 35. Ra3 Rg8 36. Rc3 Kb6 37. Rhc5 Rh8 38. f5 Rf6 39. Kg3 h5 40. Kh4 a5
41. Rb3+ Kc7 42. Rxa5 Bc8 43. Ra7+ Kd6 44. e4 Bxf5 45. e5+ Ke6 46. exf6 Kxf6 47.
Rb6 1-0

[Event "Titled Tue 26th Aug Late"]
[Site "chess.com INT"]
[Date "2025.08.26"]
[Round "7"]
[White "Mottola, Max"]
[Black "Yagiz, Yasin Emrah"]
[Result "1-0"]
[BlackTitle "FM"]
[WhiteElo "2183"]
[BlackElo "2107"]
[WhiteFideId "30985862"]
[BlackFideId "6303684"]
[EventDate "2025.08.26"]

1. d4 d5 2. Nf3 e6 3. Bf4 f5 4. c4 c6 5. Nc3 Nf6 6. e3 Be7 7. Bd3 O-O 8. O-O Ne4
9. Rc1 Nd7 10. h3 g5 11. Bh2 Bf6 12. b4 Rf7 13. Ne5 Bxe5 14. dxe5 Rg7 15. Qh5
Qf8 16. cxd5 exd5 17. Rfd1 Nb6 18. Ne2 Be6 19. Qh6 Qf7 20. Nd4 Re8 21. f3 g4 22.
fxe4 fxe4 23. Rf1 Qd7 24. Be2 gxh3 25. g3 Rg6 26. Qh4 1-0

[Event "Titled Tue 26th Aug Late"]
[Site "chess.com INT"]
[Date "2025.08.26"]
[Round "7"]
[White "Carafizi, Vasile"]
[Black "Romero Ruscalleda, Josep"]
[Result "0-1"]
[WhiteTitle "FM"]
[BlackTitle "FM"]
[WhiteElo "2134"]
[BlackElo "2110"]
[WhiteFideId "4002539"]
[BlackFideId "2231859"]
[EventDate "2025.08.26"]

1. d4 g6 2. c4 Bg7 3. h4 Nf6 4. Nc3 d6 5. e4 Nc6 6. Be2 e5 7. d5 Nd4 8. Nf3 Nxe2
9. Qxe2 Bg4 10. Be3 O-O 11. Qd2 Bxf3 12. gxf3 Nh5 13. O-O-O f5 14. Bg5 Qd7 15.
f4 exf4 16. Bxf4 fxe4 17. Bg5 Qf5 18. Rde1 Rae8 19. Be3 a6 20. Rhg1 Nf4 21. Rg5
Nd3+ 22. Kc2 Nxe1+ 23. Qxe1 Qf3 24. Qg1 Bh6 25. Rg3 Qh5 26. Bd4 Bf4 27. Rg4 Be5
28. Be3 Rf3 29. Nxe4 Bg7 30. Bg5 Rf5 31. Qg2 Ref8 32. Rg3 h6 33. Bd2 Kh7 34. f4
Qxh4 35. Ng5+ Rxg5 36. fxg5 Qxc4+ 0-1

[Event "Titled Tue 26th Aug Late"]
[Site "chess.com INT"]
[Date "2025.08.26"]
[Round "7"]
[White "Hungaski, Robert"]
[Black "Storey, Charles H"]
[Result "0-1"]
[WhiteTitle "GM"]
[BlackTitle "FM"]
[WhiteElo "2477"]
[BlackElo "2095"]
[WhiteFideId "2021030"]
[BlackFideId "406686"]
[EventDate "2025.08.26"]

1. e4 g6 2. Bc4 Bg7 3. d3 c5 4. f4 e6 5. Nf3 Ne7 6. O-O d5 7. Bb5+ Bd7 8. Bxd7+
Nxd7 9. c3 Qb6 10. Kh1 O-O 11. Qe2 Qa6 12. e5 Rae8 13. Be3 f6 14. exf6 Bxf6 15.
Nbd2 Nf5 16. Bg1 e5 17. fxe5 Bxe5 18. Nxe5 Rxe5 19. Qf3 Ne3 20. Qxe3 Rxe3 21.
Bxe3 Qxd3 22. Bh6 Rf5 23. Rxf5 gxf5 24. Nf3 Nf6 25. Re1 Ne4 26. Ne5 Qc2 27. Rf1
Nd6 28. g4 Qe4+ 29. Nf3 fxg4 0-1

[Event "Titled Tue 26th Aug Late"]
[Site "chess.com INT"]
[Date "2025.08.26"]
[Round "7"]
[White "Poeta, Caio Medeiros"]
[Black "Alazmi, Amani"]
[Result "1-0"]
[BlackTitle "WCM"]
[WhiteElo "2160"]
[BlackElo "1745"]
[WhiteFideId "2142660"]
[BlackFideId "10303553"]
[EventDate "2025.08.26"]

1. d4 d5 2. Nf3 e6 3. c4 Nf6 4. b3 Be7 5. Bb2 O-O 6. e3 b6 7. Bd3 Bb7 8. O-O
Nbd7 9. Nbd2 c5 10. cxd5 exd5 11. Ne5 Rc8 12. Rc1 cxd4 13. Rxc8 Qxc8 14. Bxd4
Bd6 15. Nxd7 Nxd7 16. Bf5 Qd8 17. Qh5 g6 18. Qh6 Be5 19. Bxd7 Bxd4 20. exd4 Qxd7
21. Nf3 Ba6 22. Re1 f6 23. h4 Bd3 24. h5 Qg7 25. Qe3 Be4 26. hxg6 hxg6 27. Nd2
Re8 28. f3 f5 29. fxe4 fxe4 30. Rf1 g5 31. Rf5 Re6 32. Rxd5 g4 33. Rg5 Rg6 34.
Nxe4 g3 35. Rxg6 Qxg6 36. Qxg3 Qxg3 37. Nxg3 Kf7 38. Kf2 Ke6 39. Ke3 1-0

[Event "Titled Tue 26th Aug Late"]
[Site "chess.com INT"]
[Date "2025.08.26"]
[Round "7"]
[White "Piesik, Piotr"]
[Black "Rustemov, Alexander"]
[Result "0-1"]
[WhiteTitle "IM"]
[BlackTitle "GM"]
[WhiteElo "2427"]
[BlackElo "2525"]
[WhiteFideId "1136194"]
[BlackFideId "4119002"]
[EventDate "2025.08.26"]

1. Nf3 e6 2. g3 b5 3. Bg2 Bb7 4. O-O Nf6 5. d3 Be7 6. c4 bxc4 7. dxc4 O-O 8. Nc3
d6 9. Qb3 Qc8 10. Nd4 Bxg2 11. Kxg2 c5 12. Nf3 Nc6 13. Bf4 Rd8 14. Rfd1 a6 15.
Qc2 Qb7 16. Kg1 h6 17. b3 Nd4 18. Qd3 e5 19. Bc1 e4 20. Nxe4 Nxe4 21. Nxd4 cxd4
22. Bb2 Ng5 23. f3 Ne6 24. Rac1 Bf6 25. Qf5 Qe7 26. Rc2 a5 27. Qe4 Re8 28. h4
Rab8 29. Ba3 Nc5 30. Qxe7 Rxe7 31. Kf1 h5 32. Rcd2 Rbe8 33. Bb2 Ne6 34. Rd3 Rb7
35. e3 Nc5 36. R3d2 d3 37. Bxf6 gxf6 38. Kf2 a4 39. bxa4 Ra8 40. e4 Rxa4 41. Rc1
Rba7 42. Ke3 Rxa2 43. Rcd1 Kf8 44. Kf4 Kg7 45. g4 hxg4 46. fxg4 Rxd2 47. Rxd2
Ra1 0-1

[Event "Titled Tue 26th Aug Late"]
[Site "chess.com INT"]
[Date "2025.08.26"]
[Round "7"]
[White "Janaszak, Dawid"]
[Black "Alvarado, Carlos"]
[Result "0-1"]
[WhiteTitle "FM"]
[BlackTitle "CM"]
[WhiteElo "2306"]
[BlackElo "2032"]
[WhiteFideId "1119206"]
[BlackFideId "3800555"]
[EventDate "2025.08.26"]

1. e4 c6 2. d3 d5 3. Bf4 Nf6 4. e5 Nfd7 5. d4 e6 6. Nc3 c5 7. dxc5 Nc6 8. Nf3
Bxc5 9. Bd3 h6 10. h4 a6 11. Qd2 Bb4 12. a3 Ba5 13. b4 Bc7 14. Qe2 Bb6 15. O-O
Nd4 16. Qd1 Nxf3+ 17. Qxf3 Qxh4 18. Bg3 Qg5 19. Rae1 Bd4 20. Nxd5 exd5 21. e6
Nf6 22. exf7+ Kxf7 23. c3 Bg4 24. Qf4 Qxf4 25. Bxf4 Bxc3 26. Rc1 Rac8 27. Kh2
Rhe8 28. f3 Bd7 29. g4 Be5 30. Kg3 Bxf4+ 31. Kxf4 g5+ 32. Kg3 Bb5 33. Bxb5 axb5
34. Rcd1 Rc3 35. Rh1 Kg6 36. Rde1 Rxe1 37. Rxe1 Rxa3 38. Re7 Rb3 39. Rxb7 Rxb4
40. Rb6 d4 41. f4 gxf4+ 42. Kxf4 d3+ 43. Ke5 Re4+ 0-1

[Event "Titled Tue 26th Aug Late"]
[Site "chess.com INT"]
[Date "2025.08.26"]
[Round "7"]
[White "Ostrovskiy, Aleksandr"]
[Black "Leitgeb, Julian"]
[Result "0-1"]
[WhiteTitle "IM"]
[BlackTitle "FM"]
[WhiteElo "2366"]
[BlackElo "2311"]
[WhiteFideId "2034239"]
[BlackFideId "1663771"]
[EventDate "2025.08.26"]

1. e4 e5 2. d4 d6 3. Nc3 Nf6 4. Nf3 exd4 5. Nxd4 Be7 6. Be2 O-O 7. O-O a6 8. Re1
b5 9. Bf3 Ra7 10. a4 b4 11. Nd5 c5 12. Nxe7+ Rxe7 13. Nb3 h6 14. Bf4 Rfe8 15.
Qxd6 Nbd7 16. Nxc5 Nxc5 17. Qxc5 Nxe4 18. Qxb4 Bf5 19. Be3 a5 20. Qb5 Bg6 21.
Red1 Qc7 22. c3 Rb8 23. Qe2 Ng5 24. Bd5 Qe5 25. Ba2 Be4 26. Bb1 Ba8 27. Qd3 g6
28. Qd4 Qe6 29. h3 Qc6 30. f3 Nxf3+ 31. gxf3 Qxf3 0-1